Catalog

Record Details

Catalog Search



Available copies

  • 4 of 4 copies available at LARL/NWRL Consortium.
  • 2 of 2 copies available at Lake Agassiz Regional Library. (Show preferred library)

Current holds

0 current holds with 4 total copies.

Show Only Available Copies
Location Call Number / Copy Notes Barcode Shelving Location Status Due Date
Crookston Public Library HAR (Text) 33500010814598 Main Available -
Moorhead Public Library HAR (Text) 33500010814580 Main Available -
Barb Geer Memorial LINK Site HAR (Text) 35500005080799 Main Available -
Hallock Public Library HAR (Text) 35500005080690 Main Available -

Record details

  • ISBN: 9780312599096
  • ISBN: 0312599099
  • ISBN: 9781250015020 (e-Book)
  • ISBN: 1250015022 (e-Book)
  • Physical Description: viii, 338 p. ; 25 cm.
  • Edition: 1st ed.
  • Publisher: New York : St. Martin's Press, 2012.

Content descriptions

Summary, etc.:
Dedicating herself to her culinary patrons, ... Read More
Subject: Women cooks > Fiction.
Genre: Love stories.
LDR 01847cam a22004338a 4500
001142589
003LARL_NWRL_CONSORTIUM
00520120723125948.0
008120302s2012 nyu 000 1 eng
010 . ‡a2012007423
0167 . ‡a016081841 ‡2Uk
019 . ‡a798644613
020 . ‡a9780312599096
020 . ‡a0312599099
020 . ‡a9781250015020 (e-Book)
020 . ‡a1250015022 (e-Book)
035 . ‡a(OCoLC)759914191 ‡z(OCoLC)798644613
040 . ‡aDLC ‡beng ‡cDLC ‡dBTCTA ‡dYDXCP ‡dBDX ‡dUKMGB ‡dUPZ ‡dOCLCO ‡dIEB ‡dGO3 ‡dOCLCQ ‡dVP@
042 . ‡apcc
05000. ‡aPS3558.A564 ‡bW47 2012
08200. ‡a813/.54 ‡223
1001 . ‡aHarbison, Elizabeth M. ‡0(LARL_NWRL_CONSORTIUM)118438
24510. ‡aWhen in doubt, add butter / ‡cBeth Harbison.
250 . ‡a1st ed.
260 . ‡aNew York : ‡bSt. Martin's Press, ‡c2012.
300 . ‡aviii, 338 p. ; ‡c25 cm.
520 . ‡aDedicating herself to her culinary patrons, private chef Gemma Craig goes home every night to boxed cereals until an unexpected event compels a confrontation with the past and an unexpected romance.
650 0. ‡aWomen cooks ‡vFiction. ‡0(LARL_NWRL_CONSORTIUM)167911
655 7. ‡aLove stories. ‡2gsafd
948 . ‡hHELD BY LAL - 376 OTHER HOLDINGS
994 . ‡aZ0 ‡bLAL
901 . ‡a142589 ‡bOCLC ‡c142589 ‡tbiblio

Additional Resources